|
|
|
|
| LEADER |
00000naa2a2200000 4500 |
| 001 |
624340 |
| 005 |
20250512094101.0 |
| 035 |
|
|
|a (RuTPU)RU\TPU\conf\23600
|
| 035 |
|
|
|a RU\TPU\conf\23599
|
| 090 |
|
|
|a 624340
|
| 100 |
|
|
|a 20171121d2017 k y0rusy50 ca
|
| 101 |
0 |
|
|a rus
|
| 102 |
|
|
|a RU
|
| 105 |
|
|
|a y z 101zy
|
| 135 |
|
|
|a drgn ---uucaa
|
| 181 |
|
0 |
|a i
|
| 182 |
|
0 |
|a b
|
| 200 |
1 |
|
|a Расчет газодинамики плазменного потока для неполного окисления углерода в низкотемпературной плазме
|f Е. В. Беспала [и др.]
|
| 203 |
|
|
|a Текст
|c электронный
|
| 225 |
1 |
|
|a Технологии утилизации и хранения отходов изотопных производств
|
| 300 |
|
|
|a Заглавие с экрана
|
| 320 |
|
|
|a [Библиогр.: с. 45 (2 назв.)]
|
| 463 |
|
0 |
|0 (RuTPU)RU\TPU\conf\23567
|t Изотопы: технологии, материалы и применение
|o материалы IV Международной научной конференции молодых ученых, аспирантов и студентов, г. Томск, 30 октября - 3 ноября 2017 г.
|f Национальный исследовательский Томский политехнический университет (ТПУ)
|v [С. 45]
|d 2017
|
| 610 |
1 |
|
|a электронный ресурс
|
| 610 |
1 |
|
|a газодинамика
|
| 610 |
1 |
|
|a плазменные потоки
|
| 610 |
1 |
|
|a окисление
|
| 610 |
1 |
|
|a углерод
|
| 610 |
1 |
|
|a низкотемпературная плазма
|
| 610 |
1 |
|
|a высокотемпературные потоки
|
| 610 |
1 |
|
|a охлаждение
|
| 610 |
1 |
|
|a труды учёных ТПУ
|
| 701 |
|
1 |
|a Беспала
|b Е. В.
|c инженер-физик
|c доцент Томского политехнического университета, кандидат физико-математических наук
|f 1990-
|g Евгений Владимирович
|9 23116
|
| 701 |
|
1 |
|a Мышкин
|b В. Ф.
|c физик
|c профессор Томского политехнического университета, доктор физико-математических наук
|f 1962-
|g Вячеслав Фёдорович
|3 (RuTPU)RU\TPU\pers\26858
|9 12476
|
| 701 |
|
1 |
|a Павлюк
|b А. О.
|c специалист в области ядерных технологий
|c начальник проектного офиса Томского политехнического университета, кандидат физико-математических наук
|f 1976-
|g Александр Олегович
|3 (RuTPU)RU\TPU\pers\47561
|9 23057
|
| 701 |
|
1 |
|a Макаревич
|b С. В.
|
| 701 |
|
1 |
|a Мударисов
|b О. В.
|
| 712 |
0 |
2 |
|a Национальный исследовательский Томский политехнический университет
|c (2009- )
|9 26305
|
| 801 |
|
2 |
|a RU
|b 63413507
|c 20230427
|g RCR
|
| 850 |
|
|
|a 63413507
|
| 856 |
4 |
|
|u http://earchive.tpu.ru/handle/11683/44102
|
| 942 |
|
|
|c BK
|